[Event "Sheffield Masters 2024"]
[Site "Sheffield ENG"]
[Date "2024.04.10"]
[Round "1.1"]
[White "Dunnington, Angus J."]
[Black "Nagy, Gabor"]
[Result "0-1"]
[WhiteTitle "IM"]
[BlackTitle "GM"]
[WhiteElo "2317"]
[BlackElo "2436"]
[WhiteNationality "SCO"]
[BlackNationality "HUN"]
[WhiteFideId "400432"]
[BlackFideId "737119"]
[PlyCount "88"]
[FIDETournamentId "365382"]
[ChessResultsKey "909004"]
[Venue "GB Sheffield Chess Centre"]
[EventDate "2024.04.10"]
[BlackFullName "Nagy, G&aacute;bor"]

{ Event information: <a
href="https://www.irlchess.co/sheffield2024_allfiles/pairings_sheffield2024.html">Tournament
report</a>. }

1. Nf3 c5 2. c4 Nc6 3. Nc3 Nf6 4. g3 d6 5. Bg2 g6 6. O-O Bg7 7. d4 cxd4 8.
Nxd4 Bd7 9. Nc2 Qc8 10. Ne3 Bh3 11. Ncd5 Bxg2 12. Nxf6+ Bxf6 13. Kxg2 Rb8
14. Nd5 Bg7 15. e4 e6 16. Ne3 Qc7 17. Rb1 O-O 18. b3 Qa5 19. a4 Rfd8 20.
Bb2 Bxb2 21. Rxb2 Qe5 22. Qb1 a6 23. f4 Qc3 24. Nd1 Qg7 25. Nf2 b5 26. cxb5
axb5 27. Rc1 Nd4 28. a5 b4 29. Rd2 e5 30. Rc4 Ra8 31. Rxb4 Rxa5 32. Qd1 h5
33. Rbxd4 exd4 34. Rxd4 Rc8 35. Rxd6 Ra2 36. Rd8+ Rxd8 37. Qxd8+ Qf8 38.
Qd4 Qb8 39. f5 gxf5 40. exf5 Qxb3 41. Kh3 Qf3 42. Qd8+ Kh7 43. Qf6 Ra7 44.
Qd4 Qxf5+ 0-1

[Event "Sheffield Masters 2024"]
[Site "Sheffield ENG"]
[Date "2024.04.10"]
[Round "1.5"]
[White "O'Gorman, Tom"]
[Black "Chow, Samuel"]
[Result "1/2-1/2"]
[WhiteTitle "FM"]
[BlackTitle "FM"]
[WhiteElo "2321"]
[BlackElo "2350"]
[WhiteICU "2342"]
[WhiteClub "Dun Laoghaire"]
[WhiteNationality "IRL"]
[BlackNationality "AUS"]
[WhiteFideId "2508249"]
[BlackFideId "3202992"]
[PlyCount "289"]
[FIDETournamentId "365382"]
[ChessResultsKey "909004"]
[Venue "GB Sheffield Chess Centre"]
[EventDate "2024.04.10"]

{ Event information: <a
href="https://www.irlchess.co/sheffield2024_allfiles/pairings_sheffield2024.html">Tournament
report</a>. }

1. e4 e6 2. d4 d5 3. Nc3 Nf6 4. e5 Nfd7 5. f4 c5 6. Nf3 Nc6 7. Be3 a6 8.
Qd2 b5 9. Bd3 Qa5 10. O-O b4 11. Nd1 cxd4 12. Nxd4 Nxd4 13. Bxd4 Bc5 14.
Bxc5 Qxc5+ 15. Kh1 O-O 16. a3 bxa3 17. Rxa3 f6 18. exf6 Nxf6 19. Ne3 Bb7
20. Qe2 Qd6 21. Ng4 Nxg4 22. Qxg4 Rf6 23. Qh5 h6 24. Qe5 Qxe5 25. fxe5
Rxf1+ 26. Bxf1 d4 27. Bd3 Rc8 28. Ra4 Rc5 29. Rxd4 Rxe5 30. Kg1 Rd5 31. Rb4
Rd7 32. Rb6 Kf7 33. b4 Kf6 34. Kf2 Ke5 35. Ke3 Bxg2 36. Rxa6 Rf7 37. Ra5+
Kd6 38. c4 Rf3+ 39. Kd2 Rh3 40. Ra7 g5 41. c5+ Ke5 42. Be2 Rxh2 43. Ke3
Rh3+ 44. Kf2 Bd5 45. b5 Rc3 46. c6 Rc2 47. c7 Kd6 48. b6 e5 49. Ke3 Be6 50.
Ra8 Rc3+ 51. Kd2 Rb3 52. Rd8+ Kc6 53. c8=Q+ Bxc8 54. Rxc8+ Kb7 55. Re8 Rxb6
56. Rxe5 Rf6 57. Ke3 Kc7 58. Kd4 Kd6 59. Rd5+ Ke7 60. Ra5 Kd6 61. Bh5 Rf4+
62. Ke3 Rf6 63. Bg4 Rf4 64. Be2 Rf6 65. Bd3 Ke7 66. Bf5 Rb6 67. Kf3 Kf6 68.
Bc2 Rc6 69. Bd3 Rd6 70. Be4 Rb6 71. Rd5 Rb3+ 72. Bd3 Rb6 73. Rf5+ Kg7 74.
Rc5 Kf6 75. Kg4 Rb4+ 76. Bc4 Rb2 77. Rc6+ Kg7 78. Bd3 Rb3 79. Rg6+ Kf7 80.
Rd6 Ke7 81. Rd4 Rb6 82. Kh5 Kf6 83. Bg6 Rb2 84. Kxh6 Rg2 85. Ra4 Rg1 86.
Be4 Rg4 87. Ra6+ Ke5 88. Bb7 Rg1 89. Kh5 Kf5 90. Bc8+ Kf4 91. Ra4+ Ke5 92.
Bg4 Rg2 93. Ra8 Kf4 94. Rf8+ Ke5 95. Kxg5 Rg1 96. Re8+ Kd6 97. Kf4 Rf1+ 98.
Bf3 Kc5 99. Rd8 Kc4 100. Ke3 Re1+ 101. Kd2 Rg1 102. Be4 Rg3 103. Bd3+ Kc5
104. Kc3 Rh3 105. Rg8 Rh5 106. Ra8 Rh3 107. Ra5+ Kb6 108. Re5 Kc6 109. Kd4
Kd6 110. Ra5 Ke7 111. Be4 Rh2 112. Ke5 Re2 113. Ra7+ Ke8 114. Kd5 Kf8 115.
Bf5 Re7 116. Ra1 Re2 117. Be4 Ke7 118. Ke5 Ke8 119. Ra6 Re1 120. Ra7 Re2
121. Kf5 Kd8 122. Bd5 Re7 123. Ra4 Re1 124. Be6 Ke7 125. Ra7+ Kd6 126. Bc4
Rc1 127. Bd3 Rc5+ 128. Kf4 Rc1 129. Ke4 Re1+ 130. Kd4 Ke6 131. Ra6+ Ke7
132. Bc4 Rd1+ 133. Kc5 Rc1 134. Re6+ Kd7 135. Rf6 Ke7 136. Rf7+ Ke8 137.
Ra7 Kf8 138. Rc7 Rb1 139. Kd6 Rb6+ 140. Ke5 Rg6 141. Rf7+ Kg8 142. Bd5 Rg7
$2 ({ After White's 145th move, Black will be able to claim a draw under
the 50 move rule, so this does not change the result, even with best play.
However, setting aside the 50-move rule, it would lose. } 142... Kh8 (
142... Rh6) { are the only moves that draw, setting aside the 50 move rule.
}) 143. Rf1+ $2 ({ Without the rule, } 143. Rf5+ { is the only move that
wins. }) 143... Kh7 144. Bf7 Rg2 $2 (144... Kh6 $1 { would be the only move
to draw, without the rule. }) 145. Kf6 { Draw under the 50 move rule. }
1/2-1/2

[Event "Sheffield Masters 2024"]
[Site "Sheffield ENG"]
[Date "2024.04.11"]
[Round "2.1"]
[White "Nagy, Gabor"]
[Black "Chow, Samuel"]
[Result "1/2-1/2"]
[WhiteTitle "GM"]
[BlackTitle "FM"]
[WhiteElo "2436"]
[BlackElo "2350"]
[WhiteNationality "HUN"]
[BlackNationality "AUS"]
[WhiteFideId "737119"]
[BlackFideId "3202992"]
[PlyCount "53"]
[FIDETournamentId "365382"]
[ChessResultsKey "909004"]
[Venue "GB Sheffield Chess Centre"]
[EventDate "2024.04.10"]
[WhiteFullName "Nagy, G&aacute;bor"]

{ Event information: <a
href="https://www.irlchess.co/sheffield2024_allfiles/pairings_sheffield2024.html">Tournament
report</a>. }

1. c4 c5 2. Nf3 Nf6 3. Nc3 Nc6 4. d4 cxd4 5. Nxd4 e6 6. a3 Bc5 7. Nb3 Bb6
8. c5 Bc7 9. g3 O-O 10. Bg2 b6 11. O-O Be5 12. a4 bxc5 13. Nxc5 d5 14. Nd3
Bxc3 15. bxc3 Ba6 16. Ba3 Re8 17. Nc5 Qa5 18. Re1 Rab8 19. e4 Nxe4 20. Nxe4
dxe4 21. Bxe4 Rbc8 22. Qf3 Ne5 23. Bxh7+ Kxh7 24. Qh5+ Kg8 25. Qxe5 Qxc3
26. Qxc3 Rxc3 27. Rec1 1/2-1/2

[Event "Sheffield Masters 2024"]
[Site "Sheffield ENG"]
[Date "2024.04.11"]
[Round "2.3"]
[White "Ledger, Andrew J."]
[Black "Pein, Jonathan"]
[Result "0-1"]
[WhiteTitle "IM"]
[BlackTitle "FM"]
[WhiteElo "2336"]
[BlackElo "2247"]
[WhiteNationality "ENG"]
[BlackNationality "ENG"]
[WhiteFideId "400610"]
[BlackFideId "417092"]
[PlyCount "66"]
[FIDETournamentId "365382"]
[ChessResultsKey "909004"]
[Venue "GB Sheffield Chess Centre"]
[EventDate "2024.04.10"]

{ Event information: <a
href="https://www.irlchess.co/sheffield2024_allfiles/pairings_sheffield2024.html">Tournament
report</a>. }

1. d4 Nf6 2. c4 e6 3. Nc3 d5 4. cxd5 exd5 5. Bg5 Be7 6. e3 c6 7. Bd3 Nbd7
8. Nf3 Nh5 9. Bxe7 Qxe7 10. O-O O-O 11. Qc2 g6 12. Rab1 Nb6 13. b4 a6 14.
Rfe1 Ng7 15. e4 dxe4 16. Nxe4 Nd5 17. Qd2 Nf5 18. Nc3 Qd6 19. Nxd5 Qxd5 20.
Re5 Qd6 21. Qf4 Ng7 22. Qh6 f6 23. Bc4+ Be6 24. Rxe6 Nxe6 25. Re1 Rae8 26.
Qh3 Qxb4 27. Bb3 f5 28. Rxe6 Rxe6 29. Bxe6+ Kg7 30. Bb3 Qc3 31. Kh1 Qa1+
32. Ng1 Re8 33. Qg3 $4 (33. g4 $17) 33... Qxg1+ 0-1

[Event "Sheffield Masters 2024"]
[Site "Sheffield ENG"]
[Date "2024.04.11"]
[Round "3.1"]
[White "Kanyamarala, Trisha"]
[Black "Nagy, Gabor"]
[Result "1-0"]
[WhiteTitle "WIM"]
[BlackTitle "GM"]
[WhiteElo "2285"]
[BlackElo "2436"]
[WhiteICU "2216"]
[WhiteClub "Dublin"]
[WhiteNationality "IRL"]
[BlackNationality "HUN"]
[WhiteFideId "45004722"]
[BlackFideId "737119"]
[PlyCount "83"]
[FIDETournamentId "365382"]
[ChessResultsKey "909004"]
[Venue "GB Sheffield Chess Centre"]
[EventDate "2024.04.10"]
[BlackFullName "Nagy, G&aacute;bor"]

{ Event information: <a
href="https://www.irlchess.co/sheffield2024_allfiles/pairings_sheffield2024.html">Tournament
report</a>. }

1. d4 Nf6 2. c4 e6 3. Nf3 b6 4. g3 Bb7 5. Bg2 Bb4+ 6. Bd2 Bxd2+ 7. Qxd2 d6
8. Nc3 Qe7 9. O-O O-O 10. Rfe1 c5 11. e4 cxd4 12. Nxd4 Rd8 13. Rad1 a6 14.
e5 Ne8 15. exd6 Qd7 16. Ne4 Bxe4 17. Bxe4 Ra7 18. Qc2 g6 19. b4 Nxd6 20. c5
bxc5 21. bxc5 Rc7 22. Nb3 Qe8 23. Qd2 Nb7 24. Qb4 Nc6 25. Rxd8 Nbxd8 26.
Qb6 Qd7 27. Bf3 Qc8 28. Rd1 Kg7 29. Be2 Nb8 30. Na5 Ndc6 31. Qb2+ e5 32.
Nc4 Nd4 33. Nxe5 Nxe2+ 34. Qxe2 Rxc5 35. Ng4 h5 36. Qb2+ Kh7 37. Nf6+ Kh6
38. Qd2+ Kg7 39. Qd4 Kh6 40. Ne8 Qf5 41. Nd6 Qf3 42. Nxf7+ 1-0

[Event "Sheffield Masters 2024"]
[Site "Sheffield ENG"]
[Date "2024.04.12"]
[Round "5.1"]
[White "Wall, Tim"]
[Black "Nagy, Gabor"]
[Result "0-1"]
[WhiteTitle "FM"]
[BlackTitle "GM"]
[WhiteElo "2197"]
[BlackElo "2436"]
[WhiteNationality "ENG"]
[BlackNationality "HUN"]
[WhiteFideId "401641"]
[BlackFideId "737119"]
[PlyCount "56"]
[FIDETournamentId "365382"]
[ChessResultsKey "909004"]
[Venue "GB Sheffield Chess Centre"]
[EventDate "2024.04.10"]
[BlackFullName "Nagy, G&aacute;bor"]

{ Event information: <a
href="https://www.irlchess.co/sheffield2024_allfiles/pairings_sheffield2024.html">Tournament
report</a>. }

1. d4 Nf6 2. Bg5 c5 3. d5 d6 4. Nc3 g6 5. e4 Bg7 6. Bb5+ Nbd7 7. a4 O-O 8.
Nf3 h6 9. Bf4 Ng4 10. Qd2 Kh7 11. O-O a6 12. Be2 Qb6 13. Rfb1 Nge5 14. Ne1
Qa5 15. Qc1 g5 16. Bd2 Qc7 17. a5 Rb8 18. Na4 f5 19. exf5 Nf6 20. Nb6 Bxf5
21. Qd1 Rbe8 22. h3 e6 23. Be3 g4 24. hxg4 Nfxg4 25. Ra3 Qf7 26. Qd2 Bg6
27. Bd1 Nxe3 28. Rxe3 exd5 0-1

[Event "Sheffield Masters 2024"]
[Site "Sheffield ENG"]
[Date "2024.04.13"]
[Round "6.2"]
[White "Pal, Rohan"]
[Black "Gourlay, Iain"]
[Result "1/2-1/2"]
[BlackTitle "FM"]
[WhiteElo "2142"]
[BlackElo "2307"]
[WhiteNationality "ENG"]
[BlackNationality "SCO"]
[WhiteFideId "462489"]
[BlackFideId "2401533"]
[PlyCount "94"]
[FIDETournamentId "365382"]
[ChessResultsKey "909004"]
[Venue "GB Sheffield Chess Centre"]

{ Event information: <a
href="https://www.irlchess.co/sheffield2024_allfiles/pairings_sheffield2024.html">Tournament
report</a>. }

1. c4 e6 2. g3 d5 3. Bg2 Nf6 4. Nf3 Be7 5. O-O O-O 6. b3 d4 7. d3 c5 8. e3
Nc6 9. exd4 cxd4 10. Re1 Re8 11. Ba3 Nd7 12. Qd2 a5 13. Bxe7 Qxe7 14. Qb2
Nc5 15. Rd1 e5 16. Ne1 Bf5 17. Na3 e4 18. dxe4 Bxe4 19. Nb5 Bxg2 20. Nxg2
Rad8 21. Nf4 d3 22. a3 Ne5 23. Nc3 Qf6 24. Rab1 Qf5 25. h4 Nf3+ 26. Kf1 d2
(26... Ne6 $19) 27. Ncd5 Re1+ $4 (27... Nd3 $19 { , e.g. } 28. Qc3 Rxd5 29.
cxd5 Nxf4 30. Qxf3 Qh3+ 31. Kg1 Ne2+) 28. Rxe1 dxe1=Q+ 29. Rxe1 $18 Qg4 30.
Qe2 Ne6 31. Ne3 $2 (31. Rd1 $16) 31... Nh2+ 32. Kg1 Qxe2 33. Rxe2 Nf3+ 34.
Kg2 Nxh4+ $10 35. Kh3 Nxf4+ 36. gxf4 Ng6 37. Nd5 f6 38. Kg3 Kf7 39. f5 Ne5
40. f4 Nc6 41. b4 axb4 42. axb4 Nd4 43. Re7+ Kf8 44. Rxb7 Nxf5+ 45. Kg4 Nd6
46. Rc7 Nxc4 47. Nxf6 Ne3+ 1/2-1/2

[Event "Sheffield Masters 2024"]
[Site "Sheffield ENG"]
[Date "2024.04.13"]
[Round "6.3"]
[White "Dunnington, Angus J."]
[Black "Chow, Samuel"]
[Result "0-1"]
[WhiteTitle "IM"]
[BlackTitle "FM"]
[WhiteElo "2317"]
[BlackElo "2350"]
[WhiteNationality "SCO"]
[BlackNationality "AUS"]
[WhiteFideId "400432"]
[BlackFideId "3202992"]
[PlyCount "80"]
[FIDETournamentId "365382"]
[ChessResultsKey "909004"]
[Venue "GB Sheffield Chess Centre"]

{ Event information: <a
href="https://www.irlchess.co/sheffield2024_allfiles/pairings_sheffield2024.html">Tournament
report</a>. }

1. Nf3 Nf6 2. g3 c5 3. Bg2 Nc6 4. c4 d5 5. cxd5 Nxd5 6. O-O e5 7. Nc3 Nc7
8. a3 Rb8 9. d3 Be7 10. Be3 O-O 11. Qc1 f6 12. Nd2 Nd4 13. Bxd4 exd4 14.
Nb5 Nxb5 15. Qc4+ Kh8 16. Qxb5 a6 17. Qc4 b5 18. Qd5 Qb6 19. Qe4 Be6 20.
Rfc1 Rfc8 21. Rc2 f5 22. Qf4 Qd8 23. a4 Bd6 24. Qf3 c4 25. axb5 axb5 26.
dxc4 bxc4 27. Ra4 Qd7 28. Raxc4 Bxc4 29. Nxc4 Be7 30. Qd3 Bf6 31. e4 Qa4
32. e5 Bxe5 33. Qxf5 Rf8 34. Qe4 Bf6 35. Bf1 Rbe8 36. Qd3 Qb4 37. Nd2 g6
38. h4 Qe7 39. Rc1 Bg7 40. Ra1 Qf6 0-1

[Event "Sheffield Masters 2024"]
[Site "Sheffield ENG"]
[Date "2024.04.13"]
[Round "6.4"]
[White "Kanyamarala, Trisha"]
[Black "O'Gorman, Tom"]
[Result "1-0"]
[WhiteTitle "WIM"]
[BlackTitle "FM"]
[WhiteElo "2285"]
[BlackElo "2321"]
[WhiteICU "2216"]
[BlackICU "2342"]
[WhiteClub "Dublin"]
[BlackClub "Dun Laoghaire"]
[WhiteNationality "IRL"]
[BlackNationality "IRL"]
[WhiteFideId "45004722"]
[BlackFideId "2508249"]
[PlyCount "131"]
[FIDETournamentId "365382"]
[ChessResultsKey "909004"]
[Venue "GB Sheffield Chess Centre"]

{ Event information: <a
href="https://www.irlchess.co/sheffield2024_allfiles/pairings_sheffield2024.html">Tournament
report</a>. }

1. d4 d5 2. c4 e6 3. Nf3 Nf6 4. Nc3 Be7 5. Bf4 O-O 6. e3 b6 7. cxd5 Nxd5 8.
Nxd5 Qxd5 9. a3 c5 10. Be2 Bb7 11. O-O Nd7 12. Ne1 Qf5 13. Bg4 Qg6 14. Bh5
Qf6 15. Qa4 cxd4 $2 (15... Rfc8 $16) 16. Qxd7 Ba6 17. Qxd4 Rfd8 18. Qxf6
Bxf6 19. Rb1 Rac8 20. e4 g6 21. Bf3 g5 22. Be3 Bc4 23. g3 Kg7 24. Ng2 Bxf1
25. Kxf1 Rc2 26. b3 Rb2 27. Rxb2 Bxb2 28. a4 Rd3 29. b4 Rb3 30. b5 Rb4 31.
Bd1 Bf6 32. e5 Bxe5 33. Bxg5 Rb1 34. Ke2 Rb2+ 35. Kf3 Rb1 36. Bc2 Rb2 37.
Bd1 Rb1 38. Ke2 Rb2+ 39. Kf1 Rb1 40. Ke1 Bd4 41. Be3 Bc3+ 42. Ke2 Ra1 43.
Nf4 Kf8 44. Bc2 Ke7 45. Kd3 Bg7 46. Ne2 Ra3+ 47. Kd2 e5 48. Nc3 h6 49. Nd5+
Kd6 50. Nb4 e4 51. Nc6 Bc3+ 52. Kc1 Ra1+ 53. Bb1 Rxa4 54. Kc2 Ra1 55. Kxc3
Rxb1 56. Nxa7 Kc7 57. Kc4 h5 58. Nc6 Rb2 59. Nb4 f5 60. h4 Kb7 61. Nd5 Rb1
62. Ne7 f4 63. Bxf4 Rb2 64. Be3 Rc2+ 65. Kb3 Rc7 66. Nd5 1-0

[Event "Sheffield Masters 2024"]
[Site "Sheffield ENG"]
[Date "2024.04.13"]
[Round "6.5"]
[White "Wall, Tim"]
[Black "Pein, Jonathan"]
[Result "1/2-1/2"]
[WhiteTitle "FM"]
[BlackTitle "FM"]
[WhiteElo "2197"]
[BlackElo "2247"]
[WhiteNationality "ENG"]
[BlackNationality "ENG"]
[WhiteFideId "401641"]
[BlackFideId "417092"]
[PlyCount "23"]
[FIDETournamentId "365382"]
[ChessResultsKey "909004"]
[Venue "GB Sheffield Chess Centre"]

{ Event information: <a
href="https://www.irlchess.co/sheffield2024_allfiles/pairings_sheffield2024.html">Tournament
report</a>. }

1. e4 d5 2. exd5 Qxd5 3. h3 e5 4. Nc3 Qd6 5. Nf3 Nc6 6. Bc4 Bf5 7. d3 Nge7
8. Ne4 Qd7 9. Nc5 Qd6 10. Ne4 Qd7 11. Nc5 Qd6 12. Ne4 1/2-1/2

[Event "Sheffield Masters 2024"]
[Site "Sheffield ENG"]
[Date "2024.04.13"]
[Round "7.1"]
[White "Pein, Jonathan"]
[Black "Nagy, Gabor"]
[Result "0-1"]
[WhiteTitle "FM"]
[BlackTitle "GM"]
[WhiteElo "2247"]
[BlackElo "2436"]
[WhiteNationality "ENG"]
[BlackNationality "HUN"]
[WhiteFideId "417092"]
[BlackFideId "737119"]
[PlyCount "90"]
[FIDETournamentId "365382"]
[ChessResultsKey "909004"]
[Venue "GB Sheffield Chess Centre"]
[BlackFullName "Nagy, G&aacute;bor"]

{ Event information: <a
href="https://www.irlchess.co/sheffield2024_allfiles/pairings_sheffield2024.html">Tournament
report</a>. }

1. e4 c5 2. Nf3 d6 3. d4 cxd4 4. Nxd4 Nf6 5. Nc3 a6 6. Rg1 g6 7. g4 Bg7 8.
Be3 h5 9. h3 hxg4 10. hxg4 Nc6 11. Be2 Bxg4 12. Nxc6 Bxe2 13. Nxd8 Bxd1 14.
Nxf7 Kxf7 15. Rxd1 Rac8 16. Bd4 b5 17. a3 Rh4 18. e5 dxe5 19. Bxe5 a5 20.
Kd2 Rhc4 21. Bxf6 Bxf6 22. Rc1 Bxc3+ 23. bxc3 Rxc3 24. Rg5 R8c5 25. Rxc5
Rxc5 26. Kd3 Kf6 27. c4 e5 28. a4 bxa4 29. Ra1 Kf5 30. Rxa4 Kf4 31. Ra2 Kf3
32. Rb2 a4 33. Rb5 e4+ 34. Kd4 Rxb5 35. cxb5 a3 36. Kc3 Kxf2 37. b6 e3 38.
b7 e2 39. b8=Q e1=Q+ 40. Kd4 Qe3+ 41. Kd5 Kg2 42. Qb1 Qf3+ 43. Kd4 g5 44.
Ke5 Qe2+ 45. Kf5 a2 0-1

[Event "Sheffield Masters 2024"]
[Site "Sheffield ENG"]
[Date "2024.04.13"]
[Round "7.2"]
[White "O'Gorman, Tom"]
[Black "Wall, Tim"]
[Result "1-0"]
[WhiteTitle "FM"]
[BlackTitle "FM"]
[WhiteElo "2321"]
[BlackElo "2197"]
[WhiteICU "2342"]
[WhiteClub "Dun Laoghaire"]
[WhiteNationality "IRL"]
[BlackNationality "ENG"]
[WhiteFideId "2508249"]
[BlackFideId "401641"]
[PlyCount "51"]
[FIDETournamentId "365382"]
[ChessResultsKey "909004"]
[Venue "GB Sheffield Chess Centre"]

{ Event information: <a
href="https://www.irlchess.co/sheffield2024_allfiles/pairings_sheffield2024.html">Tournament
report</a>. }

1. e4 c5 2. Nf3 Nf6 3. Nc3 d5 4. exd5 Nxd5 5. Bb5+ Bd7 6. Ne5 Bxb5 7. Qf3
f6 8. Nxb5 Na6 9. Qh5+ g6 10. Nxg6 hxg6 11. Qxh8 Qd7 12. Qh4 Qxb5 13. c4
Qb4 14. a3 Qa4 15. b3 Qxb3 16. cxd5 Qxd5 17. Qa4+ Kf7 18. O-O e5 19. d3 Nc7
20. Rb1 b5 21. Qh4 Bg7 22. Be3 a6 23. f4 exf4 24. Bxf4 Ne6 25. Rbe1 Rd8 26.
Be5 1-0

[Event "Sheffield Masters 2024"]
[Site "Sheffield ENG"]
[Date "2024.04.13"]
[Round "7.3"]
[White "Chow, Samuel"]
[Black "Kanyamarala, Trisha"]
[Result "1-0"]
[WhiteTitle "FM"]
[BlackTitle "WIM"]
[WhiteElo "2350"]
[BlackElo "2285"]
[BlackICU "2216"]
[BlackClub "Dublin"]
[WhiteNationality "AUS"]
[BlackNationality "IRL"]
[WhiteFideId "3202992"]
[BlackFideId "45004722"]
[PlyCount "89"]
[FIDETournamentId "365382"]
[ChessResultsKey "909004"]
[Venue "GB Sheffield Chess Centre"]

{ Event information: <a
href="https://www.irlchess.co/sheffield2024_allfiles/pairings_sheffield2024.html">Tournament
report</a>. }

1. d4 Nf6 2. c4 e6 3. Nf3 d5 4. Nc3 Bb4 5. cxd5 exd5 6. Bg5 h6 7. Bh4 O-O
8. e3 Bf5 9. Be2 c5 10. dxc5 g5 11. Bg3 Ne4 12. O-O Nxc3 13. bxc3 Bxc3 14.
Rc1 Bb2 15. Qb3 Bxc1 16. Qxb7 Qd7 17. Qxd7 Nxd7 18. Rxc1 Rfc8 19. Nd4 Be6
20. c6 a6 21. c7 Nf6 22. Rc6 Ne8 23. Nxe6 fxe6 24. Bg4 Ng7 25. Bxe6+ Nxe6
26. Rxe6 Kh7 27. h3 Ra7 28. Re7+ Kg6 29. Rd7 h5 30. Rxd5 h4 31. Be5 Rb7 32.
Rd8 Rbxc7 33. Bxc7 Rxc7 34. Rd6+ Kf5 35. Rxa6 Rc1+ 36. Kh2 Rc2 37. f3 Re2
38. Ra5+ Kg6 39. e4 Kh6 40. a4 Kh5 41. Ra8 Kg6 42. a5 Kf6 43. a6 Ra2 44. a7
Kg7 45. e5 1-0

[Event "Sheffield Masters 2024"]
[Site "Sheffield ENG"]
[Date "2024.04.13"]
[Round "7.5"]
[White "Ledger, Andrew J."]
[Black "Pal, Rohan"]
[Result "1-0"]
[WhiteTitle "IM"]
[WhiteElo "2336"]
[BlackElo "2142"]
[WhiteNationality "ENG"]
[BlackNationality "ENG"]
[WhiteFideId "400610"]
[BlackFideId "462489"]
[PlyCount "95"]
[FIDETournamentId "365382"]
[ChessResultsKey "909004"]
[Venue "GB Sheffield Chess Centre"]

{ Event information: <a
href="https://www.irlchess.co/sheffield2024_allfiles/pairings_sheffield2024.html">Tournament
report</a>. }

1. d4 Nf6 2. c4 e6 3. Nf3 d5 4. g3 Be7 5. Bg2 O-O 6. O-O c6 7. b3 b6 8. Bb2
Bb7 9. Nc3 Nbd7 10. Qc2 Rc8 11. e4 dxe4 12. Nxe4 Nxe4 13. Qxe4 Nf6 14. Qe2
c5 15. Rad1 Qc7 16. dxc5 Qxc5 17. Ne5 Bxg2 18. Kxg2 Rfd8 19. Rxd8+ Rxd8 20.
Rd1 Qc7 21. Rxd8+ Qxd8 22. Qf3 Bd6 23. Qb7 Bxe5 24. Bxe5 Qd7 25. Qxd7 Nxd7
26. Bd6 f6 27. f4 Kf7 28. b4 g6 29. g4 f5 30. gxf5 exf5 31. b5 Ke6 32. Bb4
Nf6 33. Kf3 Ne4 34. Ke3 Kf6 35. a4 Ke6 36. a5 g5 37. fxg5 Nxg5 38. a6 Nf7
39. c5 Ne5 40. c6 Ng4+ 41. Kf4 Nxh2 42. Bc5 Ng4 43. Bxb6 Nf6 44. Bxa7 Nd5+
45. Kg5 f4 46. Bc5 f3 47. a7 Nc7 48. b6 1-0

[Event "Sheffield Masters 2024"]
[Site "Sheffield ENG"]
[Date "2024.04.14"]
[Round "8.1"]
[White "Nagy, Gabor"]
[Black "Pal, Rohan"]
[Result "1-0"]
[WhiteTitle "GM"]
[WhiteElo "2436"]
[BlackElo "2142"]
[WhiteNationality "HUN"]
[BlackNationality "ENG"]
[WhiteFideId "737119"]
[BlackFideId "462489"]
[PlyCount "81"]
[FIDETournamentId "365382"]
[ChessResultsKey "909004"]
[Venue "GB Sheffield Chess Centre"]
[EventDate "2024.04.10"]
[WhiteFullName "Nagy, G&aacute;bor"]

{ Event information: <a
href="https://www.irlchess.co/sheffield2024_allfiles/pairings_sheffield2024.html">Tournament
report</a>. }

1. c4 e6 2. Nc3 d5 3. e3 Nf6 4. Nf3 Be7 5. b3 O-O 6. Bb2 b6 7. cxd5 exd5 8.
d4 Bb7 9. Bd3 c5 10. O-O Nc6 11. dxc5 Bxc5 12. Ne2 Qe7 13. Ned4 Nxd4 14.
Nxd4 Bc8 15. Qf3 Qe5 16. Rac1 Bd6 17. Qg3 Qxg3 18. hxg3 Be5 19. Ba3 Re8 20.
Nc6 Bd7 21. Nxe5 Rxe5 22. Rc7 Ree8 23. Rfc1 a6 24. Bb2 Be6 25. f3 Nd7 26.
Bd4 h6 27. R1c6 b5 28. Rxe6 fxe6 29. Rxd7 e5 30. Bb2 Rad8 31. Rxd8 Rxd8 32.
Bxe5 Kf7 33. Kf2 g5 34. g4 Rd7 35. Ke2 Rd8 36. Kd2 Rc8 37. f4 gxf4 38. exf4
Rg8 39. Bf5 h5 40. g5 Ke7 41. Bh7 1-0